GAIA: Ancient Greece (Kein Autor angegeben)

Saved in:  
Bibliographic Details
Format: Print Article
Language:English
Check availability: HBZ Gateway
Interlibrary Loan:Interlibrary Loan for the Fachinformationsdienste (Specialized Information Services in Germany)
Published: 1996
In: The divine feminine
Year: 1996, Pages: 68-85

MARC

LEADER 00000naa a22000002c 4500
001 1860119581
003 DE-627
005 20230921034907.0
007 tu
008 230921s1996 xx ||||| 00| ||eng c
020 |a 1573240354 
035 |a (DE-627)1860119581 
035 |a (DE-599)KXP1860119581 
040 |a DE-627  |b ger  |c DE-627  |e rda 
041 |a eng 
084 |a 0  |2 ssgn 
245 0 0 |a GAIA  |b Ancient Greece (Kein Autor angegeben) 
264 1 |c 1996 
336 |a Text  |b txt  |2 rdacontent 
337 |a ohne Hilfsmittel zu benutzen  |b n  |2 rdamedia 
338 |a Band  |b nc  |2 rdacarrier 
773 0 8 |i Enthalten in  |t The divine feminine  |d Berkeley, CA : Conari Pr., 1996  |g (1996), Seite 68-85  |h 192 S.  |w (DE-627)1613964382  |w (DE-576)05834778X  |z 1573240354  |7 nnam 
773 1 8 |g year:1996  |g pages:68-85 
935 |a mteo 
951 |a AR 
ELC |b 1 
ITA |a 1  |t 1 
LOK |0 000 xxxxxcx a22 zn 4500 
LOK |0 001 437860289X 
LOK |0 003 DE-627 
LOK |0 004 1860119581 
LOK |0 005 20230921034907 
LOK |0 008 230921||||||||||||||||ger||||||| 
LOK |0 035   |a (DE-Tue135)1613964382_1996_68 
LOK |0 040   |a DE-Tue135  |c DE-627  |d DE-Tue135 
LOK |0 092   |o n 
LOK |0 852   |a DE-Tue135 
LOK |0 852 1  |9 00 
LOK |0 935   |a imwa  |a ixau  |a rwrk 
LOK |0 939   |a 21-09-23  |b l01 
ORI |a SA-MARC-ixtheoa001.raw 
REL |a 1 
SUB |a REL